000 00775nas a2200265 4500
001 BR9202554
003 BR-BrBNA
005 20231205092519.0
007 ta
008 230509b bl.|||p| |||| 00| 00por d
040 _aBR-BrBNA
_bpor
_cBiblioteca Nacional de Agricultura
041 _a(Pt)
072 _aL72
100 1 _aMendonca, I.L. de
100 1 _aPereira, I.H. de O.
100 1 _aSaukas, T.N.
245 1 _aAcaros plumicolos em Gallus gallus domesticus no estado da Paraiba
650 _aGALINHA
650 _aPIOLHO
650 _aCONTROLE CULTURAL
650 _aPARAIBA
773 0 _tCaderno Omega. Serie Veterinaria (Brazil)
_xISSN 0102-5880
_g(1984), v. 1(1) p. 45-51
_wBR9202554
909 _a202311
_bLúcia
_c55
_dLúcia Elande
942 _2AGRIS
_n0
_cANA
999 _c132257
_d132257